| 000 | 00847nam a2200205Ia 4500 | ||
|---|---|---|---|
| 003 | GCL | ||
| 008 | 140319s9999 xx 000 0 ara d | ||
| 040 |
_aGCL / _cGCL |
||
| 082 | 0 | 4 |
_a332 _bا د |
| 100 | 1 | _aالسيد عطية عبدالواحد | |
| 245 | 1 | 0 |
_aدور السياسة المالية الاسلامية فى تحقيق التنمية الاقتصادية : _bالتوزيع العادل للدخول التنمية الاجتماعية ضبط التضخم / _cالسيد عطية عبدالواحد |
| 260 |
_aالقاهرة : _bدار النهضة العربية ، _c1993 |
||
| 300 |
_a783 ص ؛ _c24 سم |
||
| 490 | _a | ||
| 650 | 0 | 4 | _aالاقتصاد |
| 650 | 0 | 4 | _aالتنمية الاقتصادية |
| 650 | 0 | 4 | _aالقانون المالى |
| 650 | 0 | 4 | _aقانون العقوبات المالية |
| 942 |
_2ddc _cBK |
||
| 999 |
_c36971 _d36971 |
||